| 000 | 01016cam a2200289 a 4500 | ||
|---|---|---|---|
| 005 | 20260322212037.0 | ||
| 008 | data | ||
| 010 | _a 97065969 | ||
| 020 | _a1571970673 | ||
| 020 | _a9781571970671 | ||
| 040 |
_aDLC _cDLC _dDLC |
||
| 043 |
_aa-cc--- _aa-cc--- |
||
| 050 | 0 | 0 |
_aD810.S45 _bC685 1997 |
| 092 | _a 940.53 W631 1997 | ||
| 100 | 1 |
_aWichtrich, A. R., _d1915- |
|
| 245 | 1 | 0 |
_aMIS-X top secret / _cA. R. Wichtrich. |
| 260 |
_aEngland ; _bPentland Press, _bPentland Press, _cc1997. |
||
| 300 |
_aviii, 114 p. : _bill. ; _c23 cm. |
||
| 600 | 1 | 0 |
_aWichtrich, A. R., _d1915- |
| 610 | 1 | 0 |
_aUnited States. _bMilitary Intelligence Service. _bMilitary Intelligence Service. |
| 650 | 0 |
_aWorld War, 1939-1945 _xSearch and rescue operations _zChina. |
|
| 650 | 0 |
_aWorld War, 1939-1945 _xMilitary intelligence _zUnited States. |
|
| 650 | 0 |
_aWorld War, 1939-1945 _xPersonal narratives, American. |
|
| 650 | 0 |
_aIntelligence officers _zUnited States _xBiography. |
|
| 651 | 0 |
_aChina _xHistory, Military _y1912-1949. |
|
| 001 | data | ||
| 999 |
_c861 _d861 |
||